ბათუმის შოთა რუსთაველის სახელმწიფო უნივერსიტეტის ბიბლიოთეკა

Security and Defence Policy in the European Union / (ბიბ.ჩანაწერი № 53703)

000 -LEADER
fixed length control field 00971nam a2200265Ia 4500
001 - CONTROL NUMBER
control field 20751
003 - CONTROL NUMBER IDENTIFIER
control field GE_BSU
005 - DATE AND TIME OF LATEST TRANSACTION
control field 20221111161324.0
008 - FIXED-LENGTH DATA ELEMENTS--GENERAL INFORMATION
fixed length control field 181216s2014||||enk|||||||||||||| ||eng||
020 ## - INTERNATIONAL STANDARD BOOK NUMBER
International Standard Book Number 9780230362352x
040 ## - CATALOGING SOURCE
Transcribing agency GE_BSU
041 ## - LANGUAGE CODE
Language code of text/sound track or separate title eng
080 ## - UNIVERSAL DECIMAL CLASSIFICATION NUMBER
Universal Decimal Classification number 341.1 H-84
100 ## - MAIN ENTRY--PERSONAL NAME
Personal name Howorth, Jolyon
9 (RLIN) 10860
245 ## - TITLE STATEMENT
Title Security and Defence Policy in the European Union /
Statement of responsibility, etc. Jolyon Howorth.
250 ## - EDITION STATEMENT
Edition statement Second edition
264 ## - PRODUCTION, PUBLICATION, DISTRIBUTION, MANUFACTURE, AND COPYRIGHT NOTICE
Place of production, publication, distribution, manufacture London :
Name of producer, publisher, distributor, manufacturer Palgrave macmillan,
Date of production, publication, distribution, manufacture, or copyright notice 2014.
300 ## - PHYSICAL DESCRIPTION
Extent 299 p. ;
Dimensions 24 cm.
440 ## - SERIES STATEMENT/ADDED ENTRY--TITLE
Title The European Union Series
9 (RLIN) 10861
500 ## - GENERAL NOTE
General note Bibl. : p.247-290, Index. : p.291-299
653 ## - INDEX TERM--UNCONTROLLED
keyword Security and Defence Policy in the European Union
653 ## - INDEX TERM--UNCONTROLLED
keyword Политика безопасности и обороны в Европейском Союзе
653 ## - INDEX TERM--UNCONTROLLED
keyword უსაფრთხოება და თავდაცვის პოლიტიკა ევროკავშირში
942 ## - ADDED ENTRY ELEMENTS (KOHA)
Koha item type წიგნი
Source of classification or shelving scheme
ეგზემპლარები
Withdrawn status Lost status Source of classification or shelving scheme Damaged status Not for loan Permanent Location Current Location Shelving location Date acquired Cost, normal purchase price Full call number Barcode Date last seen Copy number Price effective from Koha item type Public note
          ბათუმის შოთა რუსთაველის სახელმწიფო უნივერსიტეტის მთავარი ბიბლიოთეკა ბათუმის შოთა რუსთაველის სახელმწიფო უნივერსიტეტის მთავარი ბიბლიოთეკა წიგნსაცავი 2018-12-17 111.00 341.1 H-84 54080 2018-12-17 54080 2018-12-17 წიგნი 111.00 GEL.
          ბათუმის შოთა რუსთაველის სახელმწიფო უნივერსიტეტის მთავარი ბიბლიოთეკა ბათუმის შოთა რუსთაველის სახელმწიფო უნივერსიტეტის მთავარი ბიბლიოთეკა წიგნსაცავი 2018-12-17 111.00 341.1 H-84 54081 2018-12-17 54081 2018-12-17 წიგნი 111.00 GEL.